000 00662nam a22002057a 4500
005 20251108165329.0
008 250721s1985 xx 000 0 ara d
082 1 4 _a928.23/بو
100 1 _aروسلو، جان
245 1 0 _aأدغار ألان بو /
250 _aط2
264 1 _aبيروت :
_bالمؤسسة العربية للدراسات و النشر،
_c1985.
300 _a264ص
490 0 _aسلسلة أعلام الفكر العالمي ؛ المجموعة الأدبية
650 1 7 _aالأدب الإنجليزي
650 1 7 _aتراجم
700 1 _aداغر، كميل قيصر
_eترجمة
942 _2ddc
_cBK
999 _c25273
_d25273